[Event "3rd Riga Tech Uni Op"]
[Site "Riga LAT"]
[Date "2013.08.08"]
[Round "6.11"]
[White "Berzinsh, Roland"]
[Black "Burmakin, Vladimir"]
[Result "1/2-1/2"]
[WhiteTitle "IM"]
[BlackTitle "GM"]
[WhiteElo "2400"]
[BlackElo "2565"]
[WhiteFideId "11600357"]
[BlackFideId "4105109"]
[EventDate "2013.08.05"]

1. e4 g6 2. d4 Bg7 3. Nc3 d6 4. Be3 c6 5. f4 b5 6. e5 Nh6 7. Nf3 O-O 8. h3 f6 9.
g4 Nf7 10. exf6 exf6 11. Qd2 f5 12. Bd3 b4 13. Nd1 fxg4 14. hxg4 Bxg4 15. Qg2
Bh5 16. f5 Qf6 17. Nf2 Re8 18. Kd2 Rxe3 19. Kxe3 Bxf3 20. Qxf3 Qxd4+ 21. Ke2 Nd7
22. fxg6 Re8+ 23. Kf1 Nfe5 24. Qe4 Qxb2 25. Bc4+ d5 26. Bxd5+ cxd5 27. Qxd5+ Kf8
28. gxh7 Qxa1+ 29. Kg2 Qxh1+ 30. Nxh1 Nf6 31. Qd6+ Kf7 32. Ng3 Kg6 33. Qxb4 Kxh7
34. Qb7 a5 35. Qb5 Ng6 36. Qxa5 Rc8 37. Qf5 Rc4 38. Qd3 Nd5 39. Ne2 Rxc2 40. Kh1
Rxa2 41. Qxd5 Rb2 42. Qe4 Be5 43. Qf5 Kh6 44. Qh3+ Kg7 45. Qd3 Kh6 46. Kg1 Kh7
47. Kf1 Kh6 48. Qe4 Kh7 49. Ng1 Kg7 50. Nf3 Bf6 51. Qf5 Rb8 52. Qd7+ Kh6 53. Kg2
Rg8 54. Kf2 Rf8 55. Qd2+ Kg7 1/2-1/2

[Event "3rd Riga Tech Uni Op"]
[Site "Riga LAT"]
[Date "2013.08.08"]
[Round "6.12"]
[White "Yemelin, Vasily"]
[Black "Paravyan, David"]
[Result "1/2-1/2"]
[WhiteTitle "GM"]
[WhiteElo "2564"]
[BlackElo "2426"]
[WhiteFideId "4113217"]
[BlackFideId "4194985"]
[EventDate "2013.08.05"]

1. e4 c5 2. Ne2 Nf6 3. Nbc3 d6 4. g3 h5 5. h3 Nc6 6. Bg2 e5 7. O-O g6 8. d3 Bg7
9. f4 Nd4 10. Be3 Bd7 11. Qd2 Qc8 12. Kh2 h4 13. g4 Bxg4 14. fxe5 Nh5 15. Nf4
Bxe5 16. Kg1 Bxf4 17. Bxf4 Bxh3 18. Bxd6 Qg4 19. Bxc5 Bxg2 20. Qxg2 Ng3 21. Nd5
O-O-O 22. Kh2 Nxf1+ 23. Rxf1 Qxg2+ 24. Kxg2 h3+ 25. Kh2 Ne6 26. Be7 1/2-1/2

[Event "3rd Riga Tech Uni Op"]
[Site "Riga LAT"]
[Date "2013.08.08"]
[Round "6.13"]
[White "Miezis, Normunds"]
[Black "Carlstedt, Jonathan"]
[Result "1/2-1/2"]
[WhiteTitle "GM"]
[BlackTitle "IM"]
[WhiteElo "2557"]
[BlackElo "2387"]
[WhiteFideId "11600136"]
[BlackFideId "24614386"]
[EventDate "2013.08.05"]

1. c4 e5 2. g3 c6 3. Nf3 e4 4. Nd4 d5 5. cxd5 Qxd5 6. e3 Nf6 7. Nc3 Qe5 8. Bg2
Bc5 9. Nde2 Bf5 10. O-O h5 11. f3 exf3 12. Rxf3 Bb6 13. d4 Qe6 14. e4 Bg4 15.
Rf2 Nbd7 16. Be3 h4 17. gxh4 Rxh4 18. h3 Ne5 19. Bg5 Bxe2 20. Nxe2 Rh8 21. dxe5
Qxe5 22. Bxf6 Qxf6 23. Qe1 Rd8 24. e5 Qxe5 25. Nc3 Qxe1+ 26. Rxe1+ Kf8 27. Re2
Rh4 28. Kh2 Bxf2 29. Rxf2 Rhd4 30. Ne4 Kg8 31. Kg3 g6 32. Bf3 Kg7 33. Rc2 Re8
34. Nc5 Re7 35. h4 f5 36. Nb3 Rd6 37. Nc1 Kf6 38. a3 Red7 39. Nb3 Rh7 40. Rc3 g5
41. hxg5+ Kxg5 42. Rc2 Rg6 43. Re2 Kf6+ 44. Kf4 Rgg7 45. Re8 Rh4+ 46. Ke3 Re7+
47. Rxe7 Kxe7 48. Na5 Rh2 49. Be2 Rh3+ 50. Bf3 Rh2 51. Be2 Rh3+ 52. Kf2 Kf6 53.
Nxb7 Rb3 54. Na5 Rxb2 55. Nxc6 Ra2 56. Nxa7 Rxa3 57. Nb5 Ra1 58. Nd4 Ke5 59.
Nf3+ Kf4 60. Ne1 Ke4 61. Bd3+ Ke5 62. Be2 Ra3 63. Nd3+ Ke4 64. Ne1 Ra2 65. Nf3
Ra7 66. Ng5+ Ke5 67. Nf3+ Kf4 68. Ne1 Rh7 69. Ng2+ Ke5 70. Bf3 f4 71. Ne1 Kf5
72. Be2 Ra7 73. Bd3+ Kg4 74. Be2+ Kg5 75. Nf3+ Kf6 76. Ne1 Ra3 1/2-1/2

[Event "3rd Riga Tech Uni Op"]
[Site "Riga LAT"]
[Date "2013.08.09"]
[Round "7.1"]
[White "Kveinys, Aloyzas"]
[Black "Van Kampen, Robin"]
[Result "1/2-1/2"]
[WhiteTitle "GM"]
[BlackTitle "GM"]
[WhiteElo "2491"]
[BlackElo "2606"]
[WhiteFideId "12800040"]
[BlackFideId "1020854"]
[EventDate "2013.08.05"]

1. d4 g6 2. c4 Bg7 3. g3 c5 4. d5 Nf6 5. Bg2 O-O 6. Nf3 b5 7. cxb5 a6 8. bxa6 d6
9. O-O Nbd7 10. Nc3 Qa5 11. Bd2 Nb6 12. b3 Qxa6 13. e4 Bg4 14. h3 Bxf3 15. Bxf3
c4 16. Be2 Qa3 17. Rb1 Rfc8 18. Bc1 Qb4 19. Bd2 Qa3 20. Bc1 Qb4 21. Bd2 Qa3 1/2-1/2

[Event "3rd Riga Tech Uni Op"]
[Site "Riga LAT"]
[Date "2013.08.09"]
[Round "7.3"]
[White "Baburin, Alexander"]
[Black "Kovalenko, Igor"]
[Result "1/2-1/2"]
[WhiteTitle "GM"]
[BlackTitle "GM"]
[WhiteElo "2520"]
[BlackElo "2646"]
[WhiteFideId "2500914"]
[BlackFideId "14117908"]
[EventDate "2013.08.05"]

1. d4 d5 2. c4 c6 3. e3 Nf6 4. Bd3 Bg4 5. Ne2 e6 6. h3 Bf5 7. Nbc3 Bb4 8. Bxf5
exf5 9. Qb3 Na6 10. O-O dxc4 11. Qxc4 O-O 12. a3 Bd6 13. f3 c5 14. Qd3 Qc8 15.
dxc5 Bxc5 16. Nd4 f4 17. b4 Bb6 18. Bb2 fxe3 19. Na4 Bxd4 20. Bxd4 Qd7 21. Nb2
e2 22. Rfe1 Rfd8 23. Bxf6 Qxd3 24. Nxd3 Rxd3 25. Bh4 Re8 26. Ra2 f6 27. Bg3 b5
28. Bf2 Re7 29. Raxe2 Rxe2 30. Rxe2 Rxa3 31. Bxa7 Nxb4 32. Bc5 Ra1+ 33. Kh2 Nd3
34. Re8+ Kf7 35. Re7+ Kg6 36. Bd4 Ra2 37. Kg3 h5 38. h4 Rd2 39. Rb7 b4 40. Rxb4
Nxb4 41. Bc3 Rc2 42. Bxb4 Kf5 43. Bf8 g6 44. Be7 Ke6 45. Bd8 f5 46. Bg5 Ke5 47.
Kh2 f4 48. Kg1 Rc4 49. Kf2 Kd5 50. Ke2 Kc5 51. Bf6 Ra4 52. Bg5 Kb5 53. Bh6 Rc4
54. Bg5 Kb4 55. Be7+ Kb3 56. Bg5 Kc2 57. Bh6 Rd4 58. Bg5 Kb3 59. Bh6 Kc4 60. Bg5
Kd5 61. Bh6 Ra4 62. Bg5 Ke5 63. Bh6 Ra7 64. Bg5 Rf7 65. Kd3 Kd5 66. Bh6 Rf5 67.
Kd2 Kc4 68. Ke2 Kc3 69. Bg7+ Kb3 70. Bh6 Kc2 71. Kf2 Kd3 72. Bg5 Rxg5 73. hxg5
Kd2 74. Kg1 Ke2 75. Kh2 Kf2 76. Kh3 1/2-1/2

[Event "3rd Riga Tech Uni Op"]
[Site "Riga LAT"]
[Date "2013.08.09"]
[Round "7.4"]
[White "Socko, Bartosz"]
[Black "Ziska, Helgi Dam"]
[Result "1/2-1/2"]
[WhiteTitle "GM"]
[BlackTitle "IM"]
[WhiteElo "2646"]
[BlackElo "2468"]
[WhiteFideId "1107038"]
[BlackFideId "7200595"]
[EventDate "2013.08.05"]

1. d4 Nf6 2. c4 g6 3. Nc3 Bg7 4. e4 d6 5. f3 O-O 6. Be3 c5 7. dxc5 dxc5 8. Qxd8
Rxd8 9. Bxc5 Nc6 10. Nge2 b6 11. Ba3 Bb7 12. Nd5 e6 13. Ne7+ Nxe7 14. Bxe7 Rdc8
15. Rc1 Nd7 16. b3 Ne5 17. Nc3 Rc7 18. Bg5 Rd7 19. Kf2 f5 20. exf5 exf5 21. Nd5
Bxd5 22. cxd5 Rxd5 23. Rc7 Bf8 24. Bf4 b5 25. Rb7 a6 26. a4 bxa4 27. bxa4 Nd3+
28. Bxd3 Rxd3 29. Rc1 Rd4 30. Be5 Rxa4 31. Rcc7 Ra5 32. f4 Rb5 33. Rxh7 Rxb7 34.
Rxb7 a5 35. g4 fxg4 36. Kg3 a4 37. Kxg4 a3 38. Kg5 a2 39. Ba1 Ra6 40. h4 Re6 41.
Ra7 Re1 42. Be5 Rg1+ 43. Kf6 a1=Q 44. Bxa1 Rxa1 45. Rxa1 Bg7+ 46. Kxg6 Bxa1 1/2-1/2

[Event "3rd Riga Tech Uni Op"]
[Site "Riga LAT"]
[Date "2013.08.09"]
[Round "7.5"]
[White "Naroditsky, Daniel"]
[Black "Vovk, Andrey"]
[Result "1-0"]
[WhiteTitle "IM"]
[BlackTitle "GM"]
[WhiteElo "2503"]
[BlackElo "2581"]
[WhiteFideId "2026961"]
[BlackFideId "14114470"]
[EventDate "2013.08.05"]

1. e4 c5 2. Nf3 Nc6 3. Bb5 g6 4. O-O Bg7 5. c3 e5 6. Na3 Nge7 7. Nc4 Qc7 8. d4
cxd4 9. cxd4 Nxd4 10. Nxd4 exd4 11. Qf3 O-O 12. Bf4 Qd8 13. Nd6 Nc6 14. Qa3 a6
15. Bc4 Ra7 16. Rac1 Qe7 17. Rfe1 b5 18. Bd5 b4 19. Qg3 d3 20. e5 Rc7 21. Nf5
Qe8 22. Nxg7 Kxg7 23. Qxd3 Nxe5 24. Qe3 Rxc1 25. Bxe5+ f6 26. Bxf6+ Kxf6 27.
Qxc1 Qd8 28. Qh6 d6 29. Qh4+ Kf5 30. g4+ 1-0

[Event "3rd Riga Tech Uni Op"]
[Site "Riga LAT"]
[Date "2013.08.09"]
[Round "7.6"]
[White "Gleizerov, Evgeny"]
[Black "Dastan, Muhammed Batuhan"]
[Result "1/2-1/2"]
[WhiteTitle "GM"]
[BlackTitle "IM"]
[WhiteElo "2567"]
[BlackElo "2417"]
[WhiteFideId "4101332"]
[BlackFideId "6300014"]
[EventDate "2013.08.05"]

1. d4 d5 2. c4 c6 3. Nf3 Nf6 4. Nc3 e6 5. g3 Nbd7 6. Bg2 dxc4 7. a4 Be7 8. O-O
O-O 9. e4 e5 10. dxe5 Ng4 11. Bf4 Qa5 12. e6 fxe6 13. Qe2 Nge5 14. Nxe5 Nxe5 15.
Bxe5 Qxe5 16. Kh1 Bd7 17. f4 Qc5 18. e5 Rad8 19. Ne4 Qb4 20. Rfc1 Be8 21. Rxc4
Qb3 22. Rc3 Qb4 23. Rc4 Qb3 24. Rc3 Qb4 25. Rc4 1/2-1/2

[Event "3rd Riga Tech Uni Op"]
[Site "Riga LAT"]
[Date "2013.08.09"]
[Round "7.7"]
[White "Neiksans, Arturs"]
[Black "Beinoras, Mindaugas"]
[Result "1/2-1/2"]
[WhiteTitle "GM"]
[BlackTitle "IM"]
[WhiteElo "2557"]
[BlackElo "2378"]
[WhiteFideId "11601388"]
[BlackFideId "12802085"]
[EventDate "2013.08.05"]

1. e4 e5 2. Nf3 Nc6 3. Bb5 f5 4. d3 fxe4 5. dxe4 Nf6 6. O-O Bd6 7. Nbd2 a6 8.
Bc4 b5 9. Bd5 Nxd5 10. exd5 Ne7 11. Re1 O-O 12. Nxe5 Bb7 13. c4 bxc4 14. Ndxc4
Bb4 15. Bd2 Bxd2 16. Qxd2 Bxd5 17. Ne3 Be6 18. Nf3 Nc6 19. Nd5 Rb8 20. Nc3 h6
21. b3 Rb4 22. Re4 Rxe4 23. Nxe4 Rf5 24. Re1 Qf8 25. Nd4 1/2-1/2

[Event "3rd Riga Tech Uni Op"]
[Site "Riga LAT"]
[Date "2013.08.09"]
[Round "7.8"]
[White "Rausis, Igors"]
[Black "Agopov, Mikael"]
[Result "1-0"]
[WhiteTitle "GM"]
[BlackTitle "IM"]
[WhiteElo "2552"]
[BlackElo "2439"]
[WhiteFideId "11600098"]
[BlackFideId "501840"]
[EventDate "2013.08.05"]

1. c4 c5 2. Nc3 Nc6 3. Nf3 g6 4. g3 Bg7 5. Bg2 e6 6. d4 cxd4 7. Nb5 d5 8. cxd5
Qa5+ 9. Qd2 Qxb5 10. dxc6 Qxc6 11. O-O Qb6 12. Rd1 Ne7 13. Nxd4 O-O 14. Nc2 Nc6
15. Qe1 Qc5 16. Na3 a5 17. Be3 Nd4 18. Rac1 Qb4 19. Nc4 e5 20. Qxb4 axb4 21.
Bxd4 exd4 22. Nb6 Rb8 23. Nd5 b3 24. axb3 Bg4 25. Bf3 Bxf3 26. exf3 Rfd8 27. Nb4
Bf8 28. Nd3 Rd5 29. Rc4 Bg7 30. Rdc1 Rbd8 31. Rc8 Bf6 32. Kf1 Kf8 33. Ke2 Rxc8
34. Rxc8+ Ke7 35. Rc7+ Rd7 36. Rxd7+ Kxd7 37. f4 Kd6 38. f3 Bg7 39. Kd2 f5 40.
Nc1 Kd5 41. Kd3 h5 42. h3 Bf8 43. Ne2 Bg7 44. g4 h4 45. b4 b5 46. Nc1 Bf6 47.
Nb3 Bg7 48. Na1 Bh6 49. Nc2 fxg4 50. fxg4 Bxf4 51. Nxd4 Bd6 52. Nxb5 Bxb4 53.
Nd4 Be7 54. Nf3 Bf6 55. b4 Bd8 56. b5 Kc5 57. Ke4 Kxb5 58. Ne5 g5 59. Nf7 Be7
60. Kd5 1-0

[Event "3rd Riga Tech Uni Op"]
[Site "Riga LAT"]
[Date "2013.08.09"]
[Round "7.9"]
[White "Lugovskoy, Maxim"]
[Black "Sulskis, Sarunas"]
[Result "1/2-1/2"]
[WhiteTitle "FM"]
[BlackTitle "GM"]
[WhiteElo "2372"]
[BlackElo "2550"]
[WhiteFideId "24126454"]
[BlackFideId "12800112"]
[EventDate "2013.08.05"]

1. e4 e5 2. Nf3 Nc6 3. Nc3 Nf6 4. d4 exd4 5. Nxd4 Bb4 6. Nxc6 bxc6 7. Bd3 d5 8.
exd5 cxd5 9. O-O O-O 10. h3 Rb8 11. Qf3 Be6 12. Bf4 Bd6 13. b3 c5 14. Bxd6 Qxd6
15. Rad1 Rfe8 16. Rfe1 Qc7 17. Nb5 Qb6 18. c4 a6 19. Nc3 dxc4 20. Bxc4 Bxc4 21.
Rxe8+ Rxe8 22. bxc4 h6 23. Nd5 Nxd5 24. cxd5 Rd8 25. Qf4 Qb8 26. d6 c4 27. Qxc4
Rxd6 28. Rxd6 Qxd6 29. Qc8+ Kh7 30. Qf5+ Qg6 31. Qd5 Qf6 32. a4 Qa1+ 33. Kh2
Qxa4 34. Qf5+ Kh8 35. Qc8+ Kh7 36. Qf5+ Kh8 37. Qc8+ 1/2-1/2

[Event "3rd Riga Tech Uni Op"]
[Site "Riga LAT"]
[Date "2013.08.09"]
[Round "7.10"]
[White "Solozhenkin, Evgeniy"]
[Black "Yemelin, Vasily"]
[Result "1/2-1/2"]
[WhiteTitle "GM"]
[BlackTitle "GM"]
[WhiteElo "2476"]
[BlackElo "2564"]
[WhiteFideId "4102266"]
[BlackFideId "4113217"]
[EventDate "2013.08.05"]

1. e4 c5 2. c3 d5 3. exd5 Qxd5 4. d4 Nf6 5. Nf3 e6 6. Na3 Qd8 7. Nc2 Nc6 8. Bd3
cxd4 9. Ncxd4 Nxd4 10. Nxd4 Bc5 11. Nb3 Bd6 12. Bb5+ 1/2-1/2

[Event "3rd Riga Tech Uni Op"]
[Site "Riga LAT"]
[Date "2013.08.09"]
[Round "7.11"]
[White "Ponizil, Cyril"]
[Black "Hera, Imre Jr."]
[Result "0-1"]
[WhiteTitle "IM"]
[BlackTitle "GM"]
[WhiteElo "2421"]
[BlackElo "2567"]
[WhiteFideId "322202"]
[BlackFideId "716855"]
[EventDate "2013.08.05"]

1. e4 c6 2. d4 d5 3. e5 Bf5 4. c4 e6 5. Nc3 Ne7 6. a3 Nd7 7. c5 Bg6 8. Nf3 Nf5
9. Be3 b6 10. b4 bxc5 11. bxc5 Be7 12. Bd3 f6 13. exf6 Bxf6 14. O-O Nxc5 15.
dxc5 Bxc3 16. Rc1 Bf6 17. Qa4 Qd7 18. Bxf5 Bxf5 19. Bd4 Bxd4 20. Qxd4 O-O 21.
Ne5 Qc7 22. g4 Bg6 23. h4 Qe7 24. h5 Bxh5 25. Nxc6 Qc7 26. Ne5 Bg6 27. Rc3 Rab8
28. Re1 Be4 29. f3 Bxf3 30. Rf1 Be4 31. Rxf8+ Rxf8 32. c6 Qb8 33. Rc1 Qb3 34.
Qc3 Qb6+ 0-1

[Event "3rd Riga Tech Uni Op"]
[Site "Riga LAT"]
[Date "2013.08.09"]
[Round "7.12"]
[White "Burmakin, Vladimir"]
[Black "Sagit, Rauan"]
[Result "1-0"]
[WhiteTitle "GM"]
[BlackTitle "FM"]
[WhiteElo "2565"]
[BlackElo "2364"]
[WhiteFideId "4105109"]
[BlackFideId "1708376"]
[EventDate "2013.08.05"]

1. Nf3 Nf6 2. c4 c5 3. g3 g6 4. Bg2 Bg7 5. O-O O-O 6. Nc3 d5 7. cxd5 Nxd5 8. Qb3
Nb4 9. d3 Be6 10. Qd1 N8c6 11. Ng5 Bc8 12. Nge4 Na6 13. Na4 Qa5 14. Bd2 Qc7 15.
Nexc5 Nxc5 16. Nxc5 Bxb2 17. Rb1 Bg7 18. Bf4 e5 19. Be3 Qe7 20. Qc2 Nd8 21. Rfc1
Re8 22. Qa4 h6 23. Na6 Bd7 24. Qb4 Bc6 25. Bxc6 bxc6 26. Qxe7 Rxe7 27. Rc4 Rc8
28. Rcb4 Ne6 29. Rb8 Rxb8 30. Rxb8+ Kh7 31. Nc5 Nd4 32. Kf1 Nb5 33. a4 Nc3 34.
a5 Nb5 35. Rc8 f5 36. Rxc6 f4 37. Bd2 f3 38. Be3 fxe2+ 39. Kxe2 Nc3+ 40. Kd2 Nb5
41. h4 Rf7 42. Ne4 Rd7 43. Bc5 Rf7 44. Rc8 Rb7 45. a6 Rf7 46. Rb8 Nc7 47. Rb7
Kg8 48. Rxa7 Bf8 49. Bb6 1-0

[Event "3rd Riga Tech Uni Op"]
[Site "Riga LAT"]
[Date "2013.08.09"]
[Round "7.13"]
[White "Stocek, Jiri"]
[Black "Berzinsh, Roland"]
[Result "1-0"]
[WhiteTitle "GM"]
[BlackTitle "IM"]
[WhiteElo "2558"]
[BlackElo "2400"]
[WhiteFideId "304760"]
[BlackFideId "11600357"]
[EventDate "2013.08.05"]

1. c4 c5 2. Nf3 Nc6 3. d4 cxd4 4. Nxd4 Nf6 5. Nc3 e6 6. a3 d5 7. cxd5 exd5 8.
Bg5 Be7 9. e3 O-O 10. Bb5 Nxd4 11. Qxd4 h6 12. Bh4 Be6 13. O-O a6 14. Be2 Rc8
15. Rfd1 Qa5 16. Bg3 Bc5 17. Qh4 Be7 18. Be5 Rfd8 19. Qg3 Rd7 20. h3 Qd8 21. Rd4
Ne8 22. Rad1 Kh8 23. Bg4 Nf6 24. Bxe6 fxe6 25. e4 Bc5 26. R4d3 d4 27. Ne2 Nxe4
28. Qg6 Nf6 29. b4 Bd6 30. Bxd4 e5 31. Ba1 Qf8 32. Ng3 Rcd8 33. Ne4 Nxe4 34.
Qxe4 Qe7 35. g3 Bb8 36. Rxd7 Rxd7 37. Rc1 Rd8 38. Kg2 Qf7 39. Rc2 Qb3 40. Bb2
Qf7 41. Re2 Rf8 42. h4 Ba7 43. Qxe5 Qf3+ 44. Kh2 Qg4 45. Qd6 Kg8 46. Qd5+ Kh8
47. Qd6 Kg8 48. Qd5+ Kh8 49. Qd2 Kg8 50. Be5 Qxe2 51. Qxe2 Rxf2+ 52. Qxf2 Bxf2
53. Kg2 Ba7 54. h5 Kf7 55. Kf3 g6 56. g4 gxh5 57. gxh5 a5 58. bxa5 Bc5 59. Bb2
Ke6 60. Ke4 Bd6 61. Bc1 Bf8 62. a4 Bg7 63. Bd2 Bf8 64. Bc3 Ba3 65. Bd2 Bf8 66.
Kd4 Kd7 67. Ke5 Kc6 68. Ke6 Kc5 69. Kf7 Bd6 70. Bxh6 Kc4 71. Bg5 Kd5 1-0

[Event "3rd Riga Tech Uni Op"]
[Site "Riga LAT"]
[Date "2013.08.09"]
[Round "7.14"]
[White "Sakalauskas, Vaidas"]
[Black "Miezis, Normunds"]
[Result "1-0"]
[WhiteTitle "IM"]
[BlackTitle "GM"]
[WhiteElo "2399"]
[BlackElo "2557"]
[WhiteFideId "12800457"]
[BlackFideId "11600136"]
[EventDate "2013.08.05"]

1. d4 Nf6 2. c4 e6 3. Nc3 Bb4 4. Qc2 c5 5. dxc5 Nc6 6. Nf3 Bxc5 7. Bg5 Qa5 8. e3
Bb4 9. Bxf6 gxf6 10. Be2 Ne5 11. O-O Nxf3+ 12. Bxf3 Qe5 13. Ne2 Rb8 14. Rfd1 b5
15. cxb5 Qxb5 16. Rac1 Be7 17. Nd4 Qb6 18. Rd3 O-O 19. Rb3 Qd6 20. Nf5 exf5 21.
Rd1 Qe5 22. Rd5 Rxb3 23. Rxe5 fxe5 24. Qxb3 Bc5 25. Bd5 d6 26. Qc4 Kg7 27. b4
Bb6 28. Qc6 Rd8 29. h4 Kf6 30. a4 Bd7 31. Qb7 f4 32. exf4 exf4 33. a5 Bd4 34. b5
Ke5 35. Bxf7 Kf6 36. Bd5 Ke5 37. Bc4 Kf6 38. Qd5 1-0

[Event "3rd Riga Tech Uni Op"]
[Site "Riga LAT"]
[Date "2013.08.10"]
[Round "8.2"]
[White "Kveinys, Aloyzas"]
[Black "Rausis, Igors"]
[Result "1/2-1/2"]
[WhiteTitle "GM"]
[BlackTitle "GM"]
[WhiteElo "2491"]
[BlackElo "2552"]
[WhiteFideId "12800040"]
[BlackFideId "11600098"]
[EventDate "2013.08.05"]

1. e4 e5 2. Nf3 Nc6 3. Bb5 a6 4. Ba4 Nf6 5. O-O Be7 6. Re1 b5 7. Bb3 O-O 8. c3
d6 9. h3 Re8 10. Ng5 Rf8 11. Nf3 Re8 12. Ng5 Rf8 13. d4 Bb7 14. Nf3 Re8 15. Ng5
Rf8 16. Nf3 Re8 17. Ng5 Rf8 18. Nf3 1/2-1/2

[Event "3rd Riga Tech Uni Op"]
[Site "Riga LAT"]
[Date "2013.08.10"]
[Round "8.3"]
[White "Gleizerov, Evgeny"]
[Black "Naroditsky, Daniel"]
[Result "1/2-1/2"]
[WhiteTitle "GM"]
[BlackTitle "IM"]
[WhiteElo "2567"]
[BlackElo "2503"]
[WhiteFideId "4101332"]
[BlackFideId "2026961"]
[EventDate "2013.08.05"]

1. d4 Nf6 2. c4 e6 3. g3 Bb4+ 4. Bd2 Be7 5. Bg2 d5 6. Nf3 O-O 7. O-O Nbd7 8. Qb3
Nb6 9. c5 Nc4 10. Qc2 b6 11. Bf4 bxc5 12. b3 Na5 13. b4 Nc4 14. bxc5 Bd7 15. Ne5
Nxe5 16. dxe5 Ne4 17. c6 Be8 18. Bxe4 dxe4 19. Qxe4 Rb8 20. Nd2 Rb4 21. Qd3 Qxd3
22. exd3 Bxc6 23. Rfc1 Rb6 24. Be3 Ra6 25. Rc2 Bd8 26. Bc5 Re8 27. Nb3 Bd5 28.
Nd4 f6 29. f4 fxe5 30. fxe5 c6 31. a4 Bc7 32. Bd6 Bb6 33. Bc5 Bc7 34. Bd6 Bb6 1/2-1/2

[Event "3rd Riga Tech Uni Op"]
[Site "Riga LAT"]
[Date "2013.08.10"]
[Round "8.5"]
[White "Ahlander, Bjorn"]
[Black "Socko, Bartosz"]
[Result "0-1"]
[WhiteTitle "IM"]
[BlackTitle "GM"]
[WhiteElo "2446"]
[BlackElo "2646"]
[WhiteFideId "1700251"]
[BlackFideId "1107038"]
[EventDate "2013.08.05"]

1. c4 Nf6 2. Nf3 e6 3. Nc3 d5 4. d4 Bb4 5. Bg5 h6 6. Bxf6 Qxf6 7. e3 O-O 8. Be2
dxc4 9. Bxc4 c5 10. O-O cxd4 11. exd4 Rd8 12. a3 Bxc3 13. bxc3 b6 14. Ne5 Bb7
15. f4 Nc6 16. Ng4 Qf5 17. Ne3 Qa5 18. Qd3 Rac8 19. a4 Qh5 20. Bb3 Ne7 21. f5
exf5 22. Nxf5 Nxf5 23. Qxf5 Qxf5 24. Rxf5 Rxc3 25. Bxf7+ Kh7 26. d5 Rd3 27. Rf3
Rd2 28. Rg3 Rd6 29. Rf1 Bxd5 30. Bxd5 R2xd5 31. Rf7 Rd1+ 32. Kf2 R6d2+ 33. Ke3
Rd3+ 34. Ke4 Rxg3 35. hxg3 Re1+ 36. Kd3 a5 37. Rb7 Rg1 38. Ke3 Rxg2 39. Kf3 Rb2
40. Rd7 Rb3+ 41. Kg2 Kg6 42. Rd6+ Kf5 43. Kh3 Rb4 44. Rc6 h5 45. Rd6 g6 46. Rc6
Kg5 47. Rd6 Kh6 48. Rc6 Kg5 49. Rd6 Kf5 50. Rc6 Rxa4 51. Rxb6 Rb4 52. Ra6 a4 53.
Rc6 Rg4 54. Rd6 Ke5 55. Rd8 Ke4 56. Rd6 Ke3 57. Kh2 Ke4 58. Kh3 Ke5 59. Rd8 Ke6
60. Kh2 h4 61. gxh4 Rxh4+ 62. Kg3 Rc4 63. Rg8 Kf5 64. Rf8+ Kg5 65. Rb8 Rc3+ 66.
Kg2 a3 67. Rb5+ Kf4 68. Rb4+ Ke5 69. Ra4 Kd5 70. Ra6 Rc2+ 71. Kf3 a2 0-1

[Event "3rd Riga Tech Uni Op"]
[Site "Riga LAT"]
[Date "2013.08.10"]
[Round "8.6"]
[White "Ziska, Helgi Dam"]
[Black "Vovk, Yuri"]
[Result "1/2-1/2"]
[WhiteTitle "IM"]
[BlackTitle "GM"]
[WhiteElo "2468"]
[BlackElo "2608"]
[WhiteFideId "7200595"]
[BlackFideId "14113171"]
[EventDate "2013.08.05"]

1. e4 c5 2. Nf3 e6 3. d3 Nc6 4. g3 d5 5. Qe2 Nge7 6. Bg2 dxe4 7. dxe4 Nd4 8. Qd1
Nec6 9. O-O Be7 10. c3 Nxf3+ 11. Qxf3 O-O 12. Qe2 b6 13. Rd1 Ba6 14. Qc2 Qc7 15.
Bf4 e5 16. Be3 Rad8 17. Rxd8 Rxd8 18. Bf1 Bxf1 19. Kxf1 c4 20. Nd2 b5 21. Rd1
Qd7 22. a4 a6 23. axb5 axb5 24. Kg2 h5 25. Bb6 Ra8 26. b3 Qb7 27. Be3 cxb3 28.
Qxb3 Ra3 29. Qb2 Na5 30. Rb1 Nc4 31. Qxb5 Nxe3+ 32. fxe3 Qxb5 33. Rxb5 f6 34.
Rb2 Rxc3 35. Kf3 Bc5 36. Nf1 Kh7 37. h3 Kg6 38. Rb7 Ba3 39. Ra7 Bc1 40. Rd7 Rc2
41. h4 Rc3 42. g4 hxg4+ 43. Kxg4 Bxe3 44. Ng3 Rc1 45. h5+ Kh7 46. Nf5 Rg1+ 47.
Kh3 Bc1 48. Rc7 Bf4 49. Rc8 Rg5 50. Kh4 Bd2 51. h6 Be1+ 52. Kh3 gxh6 53. Rc1 Bd2
54. Rc7+ Kh8 55. Rf7 Rg6 56. Nh4 Rg7 57. Rxf6 Kh7 58. Nf5 Rg1 59. Rf7+ Kg8 60.
Rd7 Bf4 61. Rd8+ Kf7 62. Rd7+ Kf6 63. Rd8 Re1 64. Kg4 Rh1 65. Rd6+ Kf7 66. Rd7+
Ke8 67. Rh7 Rg1+ 68. Kf3 Rg6 69. Rh8+ Kd7 70. Rh7+ Kd8 71. Rh8+ Kc7 72. Rh7+ Kb6
73. Rd7 Kb5 74. Rd5+ Kb4 75. Rd6 Rg1 76. Nxh6 Rg3+ 77. Kf2 Re3 78. Ng4 Rxe4 79.
Kf3 Re1 80. Rd8 Kc4 81. Rc8+ Kd5 82. Rd8+ Ke6 83. Re8+ Kf7 84. Ra8 Rg1 85. Ra7+
Kg6 86. Ra6+ Kg5 87. Nh6 Rg3+ 88. Kf2 Rh3 89. Nf7+ Kg4 90. Ra4 Rh2+ 91. Kg1 Re2
92. Kf1 Re3 93. Kf2 Rf3+ 94. Ke2 Re3+ 95. Kf2 e4 96. Ne5+ Kf5 97. Ra5 Ke6 98.
Ng6 Rf3+ 99. Ke2 Bd6 100. Ra4 Kd5 101. Ra5+ Bc5 102. Ne5 Rf2+ 103. Ke1 Rc2 104.
Nd7 e3 105. Rxc5+ Rxc5 106. Nxc5 Kxc5 107. Ke2 Kd4 108. Ke1 Kd3 109. Kd1 e2+
110. Ke1 Ke3 1/2-1/2

[Event "3rd Riga Tech Uni Op"]
[Site "Riga LAT"]
[Date "2013.08.10"]
[Round "8.7"]
[White "Hera, Imre Jr."]
[Black "Boruchovsky, Avital"]
[Result "1/2-1/2"]
[WhiteTitle "GM"]
[BlackTitle "IM"]
[WhiteElo "2567"]
[BlackElo "2441"]
[WhiteFideId "716855"]
[BlackFideId "2800055"]
[EventDate "2013.08.05"]

1. d4 Nf6 2. c4 e6 3. Nc3 Bb4 4. Qc2 O-O 5. a3 Bxc3+ 6. Qxc3 d5 7. Nf3 dxc4 8.
Qxc4 b6 9. Bg5 Ba6 10. Qa4 h6 11. Bh4 c5 12. dxc5 bxc5 13. Rc1 Qb6 14. Bxf6 gxf6
15. Rc2 Nc6 16. e3 Bxf1 17. Rxf1 Rfd8 18. Ke2 Na5 19. Nd2 Qd6 20. Rfc1 Nc6 21.
f4 f5 22. Nf3 Ne7 23. Kf2 Nd5 24. Rxc5 Nf6 25. Kg1 Ng4 26. R5c3 Qb6 27. Rb3 Rac8
28. Re1 Qc5 29. Rc3 Qb6 30. Rb3 Qc5 31. h3 Nf6 32. Rc3 Qb6 33. Rxc8 Rxc8 34. Qd4
Nd5 35. Qxb6 Nxb6 36. Kf2 Na4 37. Re2 Rc1 38. Rd2 Nc5 39. Rd8+ Kg7 40. Ke2 Ne4
41. Nd4 Rg1 42. g4 Rg2+ 43. Kf1 Rxb2 44. Rd7 fxg4 45. hxg4 Nd2+ 46. Ke1 Nc4 47.
Nxe6+ Kg6 48. Nd8 Nxe3 49. f5+ Kg5 50. Nxf7+ Kxg4 51. f6 Kf5 52. Nxh6+ Kxf6 1/2-1/2